| 000 | 00685cab a22002175a 4500 | ||
|---|---|---|---|
| 001 | L153377 | ||
| 008 | 110718s20110714xxkd f 000 0 eng d | ||
| 035 | _a(Sirsi) u153377 | ||
| 041 | 0 | _aeng | |
| 100 | 1 | _aBallantyne, Bernadette | |
| 245 | 0 | 0 |
_aBuilding information modelling _bsharing the vision |
| 260 | _c2011 | ||
| 490 | 0 |
_aNew Civil Engineer _v14 July 2011, 16-17(2) |
|
| 520 | _aDiscusses the government making BIM compulsory on public sector projects from 2016; the components of Building Information Modelling. | ||
| 590 | _aKA | ||
| 650 | 2 | 4 | _aBUILDING INFORMATION MODELLING |
| 650 | 2 | 4 |
_aBIM _96219 |
| 651 | 4 |
_aUnited Kingdom _y |
|
| 690 |
_aBIM _96219 |
||
| 942 | _n0 | ||
| 999 |
_c83270 _d83270 |
||